01427nam a2200361 a 4500001001200000003000800012006001900020007001500039008004100054010001700095020001500112020001800127020002700145040002100172035002100193043001200214050002700226082001600253100002500269245007700294260012800371300001700499440003000516504006600546533015200612650002400764650003400788651005200822655002900874710001700903856012600920999001901046ebr10623297CaPaEBRm u cr cn|||||||||060822s2006 enk sb 001 0 eng d z 2006618685 z0719069904 z9780719069901 z9781847792327 (e-book) aCaPaEBRcCaPaEBR a(OCoLC)808598591 ae-gx---14aJN3971.A95bR63 2006eb04a324.9432221 aRoberts, Geoffrey K.10aGerman electoral politicsh[electronic resource] /cGeoffrey K. Roberts. aManchester ;aNew York :bManchester University Press ;aNew York :bDistributed exclusively in the USA by Palgrave,c2006. axiii, 158 p. 0aIssues in German politics aIncludes bibliographical references (p. [143]-153) and index. aElectronic reproduction.bPalo Alto, Calif. :cebrary,d2011.nAvailable via World Wide Web.nAccess may be limited to ebrary affiliated libraries. 0aElectionszGermany. 0aPolitics, PracticalzGermany. 0aGermanyxPolitics and governmenty20th century. 7aElectronic books.2local2 aebrary, Inc.40uhttp://site.ebrary.com/lib/rucke/Doc?id=10623297zAn electronic book accessible through the World Wide Web; click to view c158969d158969